Statistics for Hardest Geometry Dash Demons A-Z

Click here to take the quiz!

General Stats

  • This quiz has been taken 31 times
  • The average score is 10 of 26

Answer Stats

HintAnswer% Correct
TTartarus
82%
BBloodlust
77%
ZZodiac
73%
Xxo
55%
KKenos
50%
SSonic Wave Infinity
50%
WWasureta
50%
YYatagarasu
50%
FFragile
45%
QQuantum Processing
45%
RRenevant
45%
CCrimson Planet
41%
DDeimos
41%
HHard Machine
32%
AAkashic Records
27%
JJust DANCE
27%
NNhelv
27%
PPromethean
27%
GGamma
23%
LLucid Nightmares
23%
OOmega Interface
23%
EEternal Moment
18%
IInfinite Iniquity
18%
MMolten Core
18%
VVisible Ray
18%
UUnder Lavaland
14%

Score Distribution

Percentile by Number Answered

Percent of People with Each Score

Your Score History

You have not taken this quiz